Państwa z największą liczbą zespołów heavy metalowych - Statystyki

Ogólne statystyki
  • Ten quiz został rozwiązany 584 razy
  • Średni wynik to 19 z 26
Statystyki odpowiedzi
Całkowity Per 100,000 osob Kraj % Poprawnych
27,420 Stany Zjednoczone
99%
3,501 Polska
97%
10,939 13.27 Niemcy
96%
31.64 Norwegia
92%
4,631 46.07 Szwecja
92%
4,107 Rosja
91%
5,211 Wielka Brytania
90%
5,133 Francja
89%
4,180 Kanada
89%
3,666 Hiszpania
88%
3,896 70.05 Finlandia
87%
6,528 Włochy
84%
6,109 Brazylia
80%
2,879 Meksyk
80%
13.87 Czechy
76%
17.37 Dania
76%
2,595 Australia
70%
13.79 Austria
66%
2,409 14.06 Holandia
66%
39.93 Islandia
64%
18.17 Grecja
59%
15.80 Estonia
49%
13.98 Słowenia
41%
14.57 Luksemburg
36%
33.85 Liechtenstein
29%
16.39 Malta
24%
Nie znaleziono quizów pasujących do podanych kryteriów
Rozkład punktacji
Procent ludzi z każdym wynikiem
Percentyl według liczby udzielonych odpowiedzi
Twoja historia wyników
Nie rozwiązałeś tego quizu